[Event "BCF-chT2 2324 (4NCL)"]
[Site "England"]
[Date "2024.01.14"]
[Round "4.1"]
[White "Stock, Tobias W"]
[Black "Putar, Lara"]
[Result "1/2-1/2"]
[WhiteElo "1991"]
[BlackElo "1890"]
[PlyCount "51"]
[EventDate "2023.11.11"]
[EventType "team-tourn"]
[EventRounds "11"]
[EventCountry "ENG"]
[SourceTitle "CB11_2024"]
[SourceDate "2024.03.13"]
[SourceVersion "1"]
[SourceVersionDate "2024.03.13"]
[SourceQuality "1"]
[WhiteTeam "Barbican"]
[BlackTeam "Gonzaga"]
[WhiteTeamCountry "ENG"]
[BlackTeamCountry "ENG"]

1. Nf3 Nf6 2. c4 c5 3. Nc3 Nc6 4. e3 d6 5. d4 cxd4 6. exd4 g6 7. Be2 Bg7 8. 0-0 0-0 9. d5 Nb8 10. Nd4 Nbd7 11. Be3 a5 12. Qd2 Nc5 13. f3 Bd7 14. b3 Qc7 15. Rac1 Rfc8 16. Rfe1 Be8 17. Bf1 Nfd7 18. Ndb5 Qd8 19. Bd4 Nf6 20. Qb2 Bxb5 21. Nxb5 Nh5 22. Rcd1 Bxd4+ 23. Nxd4 Qd7 24. Re3 Re8 25. Qf2 Nf6 26. Kh1 1/2-1/2

[Event "BCF-chT2 2324 (4NCL)"]
[Site "England"]
[Date "2024.01.13"]
[Round "3.1"]
[White "Putar, Lara"]
[Black "Jaufarally, Nadia"]
[Result "1-0"]
[WhiteElo "1890"]
[BlackElo "1905"]
[PlyCount "123"]
[EventDate "2023.11.11"]
[EventType "team-tourn"]
[EventRounds "11"]
[EventCountry "ENG"]
[SourceTitle "CB11_2024"]
[SourceDate "2024.03.13"]
[SourceVersion "1"]
[SourceVersionDate "2024.03.13"]
[SourceQuality "1"]
[WhiteTeam "Gonzaga"]
[BlackTeam "The ADS"]
[WhiteTeamCountry "ENG"]
[BlackTeamCountry "ENG"]

1. d4 Nf6 2. c4 g6 3. e3 Bg7 4. Nf3 d6 5. Nc3 0-0 6. Be2 Nbd7 7. 0-0 e5 8. e4 Re8 9. d5 Nc5 10. Qc2 a5 11. Be3 b6 12. a3 a4 13. Nd2 Bd7 14. Bxc5 bxc5 15. b4 axb3 16. Nxb3 Ra6 17. a4 h5 18. Nd2 Bh6 19. Rfb1 Qa8 20. Nb5 Rc8 21. Nf3 Kg7 22. Ra3 Nxe4 23. Nxe5 Bf5 24. Nd3 c6 25. Nc3 Nd2 26. Rd1 Nxc4 27. Ra2 cxd5 28. Bf3 Nb6 29. Qb2 Kg8 30. a5 Rxa5 31. Rxa5 Qxa5 32. Ra1 Nc4 33. Rxa5 Nxb2 34. Nxb2 Rb8 35. Rb5 Ra8 36. Kf1 Bc1 37. Bxd5 Re8 38. Ncd1 Bd2 39. Ne3 Bxe3 40. fxe3 Rxe3 41. Rb8+ Kg7 42. Rb7 Be6 43. Bxe6 Rxe6 44. Rd7 Kf6 45. Nc4 Re4 46. Nd2 Rf4+ 47. Ke2 Ke6 48. Rc7 Kd5 49. Ke3 Rf5 50. g3 g5 51. Ra7 g4 52. Ra4 Re5+ 53. Kd3 Re1 54. Rf4 Rh1 55. Nf1 Ke5 56. Ke2 h4 57. Rxg4 hxg3 58. Rxg3 f5 59. Kf2 f4 60. Ra3 f3 61. Rxf3 Ke4 62. Ng3+ 1-0

[Event "EU-ch U16 Girls 31st"]
[Site "Mamaia"]
[Date "2023.09.09"]
[Round "5"]
[White "Karaivanova, Petya F"]
[Black "Putar, Lara"]
[Result "1/2-1/2"]
[WhiteElo "2043"]
[BlackElo "1953"]
[PlyCount "53"]
[EventDate "2023.09.05"]
[EventType "swiss"]
[EventRounds "9"]
[EventCountry "ROU"]
[SourceTitle "EXT 2024"]
[Source "ChessBase"]
[SourceDate "2023.10.10"]
[SourceVersion "1"]
[SourceVersionDate "2023.10.10"]
[SourceQuality "1"]

1. e4 e6 2. d4 d5 3. Nc3 Bb4 4. e5 c5 5. a3 Bxc3+ 6. bxc3 Qa5 7. Bd2 Qa4 8. h4 Nc6 9. Nf3 b6 10. h5 h6 11. Rh4 c4 12. Rg4 Rh7 13. Be2 Nge7 14. Nh4 Bd7 15. Kf1 0-0-0 16. Kg1 Rg8 17. Rg3 Nf5 18. Rh3 Nxh4 19. Rxh4 Ne7 20. Bg4 Nf5 21. Rh3 Kb7 22. Bf3 Ne7 23. g3 Rgh8 24. Ra2 Re8 25. Bg2 f5 26. Rh4 Rg8 27. Qc1 1/2-1/2

[Event "EU-ch U16 Girls 30th"]
[Site "Antalya"]
[Date "2022.11.09"]
[Round "4"]
[White "Pohle, Saskia"]
[Black "Putar, Lara"]
[Result "1-0"]
[WhiteElo "1731"]
[BlackElo "1922"]
[PlyCount "65"]
[EventDate "2022.11.06"]
[EventType "swiss"]
[EventRounds "9"]
[EventCountry "TUR"]
[SourceTitle "EXT 2024"]
[Source "ChessBase"]
[SourceDate "2023.10.10"]
[SourceVersion "1"]
[SourceVersionDate "2023.10.10"]
[SourceQuality "1"]

1. e4 e6 2. d4 d5 3. Nd2 Nf6 4. e5 Nfd7 5. Bd3 c5 6. c3 Nc6 7. Ne2 cxd4 8. cxd4 f6 9. exf6 Nxf6 10. Nf3 Bd6 11. 0-0 Qc7 12. Nc3 a6 13. h3 0-0 14. Bd2 Bd7 15. Re1 Rae8 16. Rc1 Re7 17. Na4 b5 18. Nc5 Bxc5 19. Rxc5 Qd6 20. Qc1 Nh5 21. Be3 Nf4 22. Bxf4 Rxf4 23. Rxc6 Bxc6 24. Ne5 Rf8 25. Qxc6 Qb4 26. Re2 Qa4 27. Qc3 b4 28. Qc5 Ree8 29. b3 Qa3 30. Qc2 Rf6 31. Bxh7+ Kh8 32. Bg6 Ra8 33. Nf7+ 1-0

[Event "Wch U16 Girls"]
[Site "Mamaia"]
[Date "2022.09.10"]
[Round "5"]
[White "Putar, Lara"]
[Black "Karaivanova, Petya F"]
[Result "1/2-1/2"]
[WhiteElo "1961"]
[BlackElo "1844"]
[PlyCount "83"]
[EventDate "2022.09.06"]
[EventType "swiss"]
[EventRounds "11"]
[EventCountry "ROU"]
[SourceTitle "CBM 210 Extra"]
[Source "ChessBase"]
[SourceDate "2022.11.30"]
[SourceVersion "1"]
[SourceVersionDate "2022.11.30"]
[SourceQuality "1"]

1. d4 d5 2. c4 e6 3. Nf3 Nf6 4. g3 Bb4+ 5. Bd2 Be7 6. Qc2 c6 7. b3 0-0 8. Bg2 Nbd7 9. 0-0 b6 10. Nc3 Ba6 11. Ne5 Rc8 12. Rfd1 b5 13. Nxd7 Nxd7 14. c5 b4 15. Na4 Bxe2 16. Re1 Ba6 17. Bxb4 Bf6 18. Bc3 Re8 19. f4 g6 20. Nb2 Bg7 21. b4 f5 22. a4 Nf6 23. Nd3 Ne4 24. b5 cxb5 25. Nb4 Rxc5 26. dxc5 Bxc3 27. Nxa6 Bxe1 28. Rxe1 Qa5 29. Rb1 Qxa6 30. axb5 Qa3 31. Bxe4 fxe4 32. Rb3 Qa1+ 33. Kg2 e5 34. c6 exf4 35. gxf4 Qf6 36. c7 Rc8 37. Qc5 Qf5 38. h3 Qd7 39. b6 axb6 40. Rxb6 Qxc7 41. Qxd5+ Qf7 42. Qxf7+ 1/2-1/2

[Event "Olympiad Women-44"]
[Site "Chennai"]
[Date "2022.07.31"]
[Round "3.2"]
[White "Putar, Lara"]
[Black "Kojima, Natsumi"]
[Result "1-0"]
[WhiteElo "1969"]
[BlackElo "1782"]
[PlyCount "87"]
[EventDate "2022.07.29"]
[EventType "team-swiss"]
[EventRounds "11"]
[EventCountry "IND"]
[SourceTitle "CBM 210"]
[Source "ChessBase"]
[SourceDate "2022.10.31"]
[SourceVersion "1"]
[SourceVersionDate "2022.10.31"]
[SourceQuality "1"]
[WhiteTeam "Ireland (W)"]
[BlackTeam "Japan (W)"]
[WhiteTeamCountry "IRL"]
[BlackTeamCountry "JPN"]

1. d4 e6 2. c4 f5 3. g3 Nf6 4. Bg2 d5 5. Nh3 c6 6. 0-0 Bd6 7. Bf4 0-0 8. Bxd6 Qxd6 9. Nd2 Bd7 10. Rc1 Be8 11. Nf4 g5 12. Nd3 Nbd7 13. cxd5 exd5 14. Nf3 Ne4 15. Nfe5 Nef6 16. Qd2 Ne4 17. Bxe4 dxe4 18. Qxg5+ Kh8 19. Nxd7 Bxd7 20. Nc5 b6 21. Nxd7 Qxd7 22. e3 Rae8 23. Qh6 Rc8 24. Rc2 c5 25. dxc5 Qg7 26. Qxg7+ Kxg7 27. c6 Rfd8 28. b4 Rd5 29. a4 b5 30. Ra1 Rc7 31. axb5 Rxb5 32. Rc4 Kf6 33. Kg2 Ke6 34. g4 fxg4 35. Rxe4+ Kf5 36. Rf4+ Kg5 37. Rc1 h5 38. Rfc4 Kg6 39. Rd1 Rb6 40. Rd6+ Kf7 41. Rh6 Ke8 42. Rh8+ Ke7 43. Rh7+ Ke8 44. Rxc7 1-0

[Event "Sligo Spring op"]
[Site "Sligo"]
[Date "2022.04.30"]
[Round "2"]
[White "Mize, Dylan"]
[Black "Putar, Lara"]
[Result "0-1"]
[WhiteElo "1603"]
[BlackElo "1827"]
[PlyCount "90"]
[EventDate "2022.04.29"]
[EventType "swiss"]
[EventRounds "5"]
[EventCountry "IRL"]
[SourceTitle "CBM 208 Extra"]
[Source "ChessBase"]
[SourceDate "2022.07.31"]
[SourceVersion "1"]
[SourceVersionDate "2022.07.31"]
[SourceQuality "1"]

1. d4 Nf6 2. c4 g6 3. Nf3 Bg7 4. g3 0-0 5. Bg2 d5 6. cxd5 Nxd5 7. 0-0 Nc6 8. Nc3 Nb6 9. e3 e5 10. d5 Ne7 11. e4 h6 12. Qb3 c6 13. Rd1 cxd5 14. exd5 Bg4 15. h3 Bxf3 16. Bxf3 Nf5 17. Ne2 Re8 18. Bg2 Rc8 19. Bd2 Nd4 20. Nxd4 exd4 21. Rac1 Rxc1 22. Rxc1 Re2 23. Qd3 Re8 24. Ba5 Qg5 25. Bd2 Qf6 26. Qb5 Rd8 27. Bf4 Bf8 28. a4 g5 29. Bd2 a6 30. Qb3 Re8 31. a5 Re2 32. Be1 Nd7 33. Kf1 Re3 34. Qc2 Nc5 35. Kg1 Rb3 36. Qc4 Rxb2 37. Rd1 d3 38. Qc3 Rxf2 39. Qxf6 Rxf6 40. Bb4 b6 41. axb6 Rxb6 42. Bxc5 Bxc5+ 43. Kf1 Rf6+ 44. Ke1 Bb4+ 45. Rd2 Bxd2+ 0-1

[Event "EU-ch Hybrid U14 Girls"]
[Site "Tornelo INT"]
[Date "2021.10.15"]
[Round "7"]
[White "Helliesen, Lykke Merlot"]
[Black "Putar, Lara"]
[Result "0-1"]
[WhiteElo "1719"]
[BlackElo "1896"]
[PlyCount "94"]
[EventDate "2021.10.15"]
[EventType "swiss"]
[EventRounds "9"]
[EventCountry "NET"]
[SourceTitle "EXT 2023"]
[Source "ChessBase"]
[SourceDate "2022.10.05"]
[SourceVersion "1"]
[SourceVersionDate "2022.10.05"]
[SourceQuality "1"]
[WhiteTeam "Norway"]
[BlackTeam "Irland"]
[WhiteTeamCountry "NOR"]
[BlackTeamCountry "IRL"]

1. e4 e6 2. d4 d5 3. Nc3 Bb4 4. exd5 exd5 5. Bd3 Ne7 6. Nf3 Nbc6 7. 0-0 Bg4 8. h3 Bh5 9. a3 Ba5 10. Re1 Bb6 11. g4 Bg6 12. Bxg6 hxg6 13. Kg2 Qd7 14. Na4 0-0-0 15. Nxb6+ axb6 16. b4 f5 17. Ng5 fxg4 18. Qxg4 Qxg4+ 19. hxg4 Rh4 20. Kg3 Rdh8 21. b5 Nf5+ 22. gxf5 Nxd4 23. Ra2 Nxf5+ 24. Kf3 Nd4+ 25. Kg3 Nxb5 26. c4 Rxc4 27. Rae2 Nd6 28. f3 Nf5+ 29. Kg2 Rf8 30. Bd2 c5 31. f4 Nd4 32. Re7 Rc2 33. Rd1 c4 34. Kg1 Nf5 35. Re6 Rh8 36. Rxb6 c3 37. Be1 Ne3 38. Bf2 Nxd1 39. Bd4 Rhh2 40. Nf3 Rcg2+ 41. Kf1 Rf2+ 42. Bxf2 Rxf2+ 43. Kg1 c2 44. Re6 c1Q 45. Ng5 Qxf4 46. Re8+ Kd7 47. Rd8+ Ke7 0-1

[Event "EU-Cup 36th"]
[Site "Struga"]
[Date "2021.09.23"]
[Round "6.2"]
[White "Putar, Lara"]
[Black "Mihajlov, Sebastian"]
[Result "0-1"]
[WhiteElo "1930"]
[BlackElo "2381"]
[PlyCount "84"]
[EventDate "2021.09.18"]
[EventType "team-swiss"]
[EventRounds "7"]
[EventCountry "MKD"]
[SourceTitle "CBM 204 Extra"]
[Source "ChessBase"]
[SourceDate "2021.11.30"]
[SourceVersion "1"]
[SourceVersionDate "2021.11.30"]
[SourceQuality "1"]
[WhiteTeam "St Benildus"]
[BlackTeam "Baerum"]
[WhiteTeamCountry "IRL"]
[BlackTeamCountry "NOR"]

1. d4 Nf6 2. c4 b6 3. Nf3 Bb7 4. g3 g6 5. Bg2 Bg7 6. 0-0 0-0 7. Nc3 Ne4 8. Qc2 Nxc3 9. bxc3 c5 10. e4 d6 11. Be3 Nd7 12. a4 e6 13. Nd2 Qc7 14. f4 e5 15. d5 exf4 16. gxf4 Rfe8 17. Bf2 Nf6 18. Qd3 Ba6 19. Rae1 Nh5 20. Bg3 Nxg3 21. Qxg3 Rad8 22. f5 Qe7 23. Re2 Qe5 24. Qh3 Qxc3 25. Rf3 Qd4+ 26. Ref2 Bc8 27. Qh4 gxf5 28. Nb3 Qxe4 29. Qh5 Qg4 30. Qxg4 fxg4 31. Rxf7 Re3 32. Nd2 Bd4 33. Kf1 Rde8 34. Be4 R3xe4 35. Nxe4 Bxf2 36. Nxd6 g3 37. Kg2 Re2 38. hxg3 Bd4+ 39. Kf1 Ra2 40. Rxa7 Bg4 41. Ra6 Bf2 42. Kg2 Be3+ 0-1

[Event "EU-Cup 36th"]
[Site "Struga"]
[Date "2021.09.19"]
[Round "2.19"]
[White "Kristensen, Kaare Hove"]
[Black "Putar, Lara"]
[Result "1-0"]
[WhiteElo "2336"]
[BlackElo "1930"]
[PlyCount "93"]
[EventDate "2021.09.18"]
[EventType "team-swiss"]
[EventRounds "7"]
[EventCountry "MKD"]
[SourceTitle "CBM 204 Extra"]
[Source "ChessBase"]
[SourceDate "2021.11.30"]
[SourceVersion "1"]
[SourceVersionDate "2021.11.30"]
[SourceQuality "1"]
[WhiteTeam "Nordkalotten"]
[BlackTeam "St Benildus"]
[WhiteTeamCountry "DEN"]
[BlackTeamCountry "IRL"]

1. c4 Nf6 2. Nf3 g6 3. Nc3 Bg7 4. e4 d6 5. d4 0-0 6. Be2 Nbd7 7. 0-0 e5 8. Be3 Re8 9. d5 a5 10. a3 Nc5 11. Nd2 c6 12. b4 cxd5 13. cxd5 axb4 14. axb4 Rxa1 15. Qxa1 Ncd7 16. Nb5 Qe7 17. Rc1 Nb8 18. Na7 Qf8 19. Qc3 Bd7 20. f3 Nh5 21. Nc4 Nf4 22. Bf1 f5 23. Na5 fxe4 24. fxe4 Bg4 25. Nxb7 Be2 26. Qd2 Bxf1 27. Rxf1 Qe7 28. Na5 Rf8 29. N7c6 Nxc6 30. Nxc6 Qg5 31. Bxf4 exf4 32. g3 Bh6 33. Rxf4 Rf7 34. Qf2 Rxf4 35. Qxf4 Qh5 36. Qf1 Qg4 37. Qd3 Qg5 38. Kg2 Qc1 39. b5 g5 40. Kh3 Bg7 41. Kg4 Qg1 42. Qe2 Bf6 43. Kf5 Kg7 44. Ke6 Qb6 45. Qh5 Qc7 46. Qe8 g4 47. Qd7+ 1-0

[Event "Dublin Masters op"]
[Site "Dublin"]
[Date "2021.09.12"]
[Round "5"]
[White "Moran, Darragh"]
[Black "Putar, Lara"]
[Result "1-0"]
[WhiteElo "1859"]
[BlackElo "1930"]
[PlyCount "59"]
[EventDate "2021.09.10"]
[EventType "swiss"]
[EventRounds "5"]
[EventCountry "IRL"]
[SourceTitle "CBM 204 Extra"]
[Source "ChessBase"]
[SourceDate "2021.11.30"]
[SourceVersion "1"]
[SourceVersionDate "2021.11.30"]
[SourceQuality "1"]

1. e4 e6 2. d4 d5 3. exd5 exd5 4. Nf3 Nc6 5. Bb5 Bg4 6. 0-0 Bd6 7. c4 dxc4 8. d5 a6 9. Ba4 b5 10. dxc6 bxa4 11. Nbd2 c3 12. bxc3 Ne7 13. Qxa4 Bh5 14. Rb1 0-0 15. Rb7 Bg6 16. Re1 Nd5 17. Nc4 Nxc3 18. Qa5 Nb5 19. a4 Na7 20. Qxa6 Bd3 21. Rxa7 Rxa7 22. Qxa7 Bxc4 23. Qd4 Bb3 24. Bf4 Bxf4 25. Qxf4 Qa8 26. Qxc7 Bxa4 27. Nd4 Rc8 28. Qd7 Bxc6 29. Nxc6 Qxc6 30. Qxc6 1-0

[Event "Online Olym Div3 B"]
[Site "Chess.com INT"]
[Date "2021.08.29"]
[Round "9.3"]
[White "Hwass, Zaineb"]
[Black "Putar, Lara"]
[Result "0-1"]
[WhiteElo "1426"]
[BlackElo "1930"]
[PlyCount "62"]
[EventDate "2021.08.27"]
[EventType "team-tourn (rapid)"]
[EventRounds "9"]
[EventCountry "USA"]
[SourceTitle "CBM 204 Extra"]
[Source "ChessBase"]
[SourceDate "2021.11.30"]
[SourceVersion "1"]
[SourceVersionDate "2021.11.30"]
[SourceQuality "1"]
[WhiteTeam "Tunisia"]
[BlackTeam "Ireland"]
[WhiteTeamCountry "TUN"]
[BlackTeamCountry "IRL"]

1. d4 Nf6 2. Bf4 g6 3. e3 Bg7 4. Nd2 d5 5. c4 0-0 6. Ngf3 c5 7. Rc1 cxd4 8. Nxd4 Re8 9. N4f3 Nc6 10. cxd5 Nxd5 11. b3 Nc3 12. Qc2 Bf5 13. e4 Nb4 14. Qb2 Nd3+ 15. Bxd3 Qxd3 16. Rxc3 Bxc3 17. Qc1 Bxe4 18. Ne5 Bxe5 19. Bxe5 Rac8 20. Nc4 f6 21. Bf4 Bxg2 22. Rg1 Bf3 23. Qd2 Qb1+ 24. Qc1 Qxc1+ 25. Bxc1 b5 26. Rg3 bxc4 27. Rxf3 cxb3 28. Bb2 bxa2 29. Ra3 Rc2 30. Rb3 Rxb2 31. Rxb2 a1Q+ 0-1